Research Methodology in the Medical and Biological Sciences. (Record no. 8242)

MARC details
000 -LEADER
fixed length control field 00639nam a22002057a 4500
003 - CONTROL NUMBER IDENTIFIER
control field OSt
005 - DATE AND TIME OF LATEST TRANSACTION
control field 20231114121900.0
008 - FIXED-LENGTH DATA ELEMENTS--GENERAL INFORMATION
fixed length control field 231114b |||||||| |||| 00| 0 eng d
020 ## - INTERNATIONAL STANDARD BOOK NUMBER
International Standard Book Number 9780123738745
040 ## - CATALOGING SOURCE
Transcribing agency MUST
Modifying agency MUST
082 ## - DEWEY DECIMAL CLASSIFICATION NUMBER
Classification number 001.42 RES 2007
100 ## - MAIN ENTRY--PERSONAL NAME
Personal name Peter Laake
9 (RLIN) 16851
245 ## - TITLE STATEMENT
Title Research Methodology in the Medical and Biological Sciences.
260 ## - PUBLICATION, DISTRIBUTION, ETC. (IMPRINT)
Place of publication, distribution, etc. New York
Name of publisher, distributor, etc. Elsevier
Date of publication, distribution, etc. 2007
300 ## - PHYSICAL DESCRIPTION
Other physical details xii,483p.ill.
Dimensions 24cm.
504 ## - BIBLIOGRAPHY, ETC. NOTE
Bibliography, etc index
651 ## - SUBJECT ADDED ENTRY--GEOGRAPHIC NAME
Geographic name Research Methodology in the Medical and Biological Sciences.
9 (RLIN) 16852
654 ## - SUBJECT ADDED ENTRY--FACETED TOPICAL TERM
Source of term Research Methodology in the Medical and Biological Sciences.
942 ## - ADDED ENTRY ELEMENTS (KOHA)
Source of classification or shelving scheme Dewey Decimal Classification
Koha item type Book
Holdings
Withdrawn status Lost status Source of classification or shelving scheme Damaged status Not for loan Home library Current library Date acquired Source of acquisition Total Checkouts Full call number Barcode Date last seen Price effective from Koha item type
Withdrawn   Dewey Decimal Classification     Main Kihumuro Campus Main Kihumuro Campus 14/11/2023 Donation   001.42 RES 2007 2023-0710 14/11/2023 14/11/2023 Book